Completion report of survey and settlement of the Tigiria Feudatory State, 1913. (Record no. 81492)

MARC details
000 -LEADER
fixed length control field 00905cam a22002771 4500
001 - CONTROL NUMBER
control field sa 68006738
003 - CONTROL NUMBER IDENTIFIER
control field DLC
005 - DATE AND TIME OF LATEST TRANSACTION
control field 20260227112518.0
008 - FIXED-LENGTH DATA ELEMENTS--GENERAL INFORMATION
fixed length control field 711108q19601968ii 000 0 eng
010 ## - LIBRARY OF CONGRESS CONTROL NUMBER
LC control number sa 68006738
025 ## - OVERSEAS ACQUISITION NUMBER
Overseas acquisition number PL480:I-E-8557
040 ## - CATALOGING SOURCE
Original cataloging agency DLC
Transcribing agency DLC
Modifying agency DLC
043 ## - GEOGRAPHIC AREA CODE
Geographic area code a-ii---
050 00 - LIBRARY OF CONGRESS CALL NUMBER
Classification number HJ4387.T5
Item number A53
110 1# - MAIN ENTRY--CORPORATE NAME
Corporate name or jurisdiction name as entry element Tigiria, India (State)
245 10 - TITLE STATEMENT
Title Completion report of survey and settlement of the Tigiria Feudatory State, 1913.
260 ## - PUBLICATION, DISTRIBUTION, ETC.
Place of publication, distribution, etc. [Balugan, Puri,
Name of publisher, distributor, etc. Bhagabati Press,
Date of publication, distribution, etc. 196-?]
300 ## - PHYSICAL DESCRIPTION
Extent 19, [13] p.
Dimensions 25 cm.
350 ## - PRICE (NR) (BK AM CF MU VM SE) [OBSOLETE]
Price Re0.33
500 ## - GENERAL NOTE
General note Cover title.
500 ## - GENERAL NOTE
General note At head of title: Govt. of Orissa.
500 ## - GENERAL NOTE
General note "Reprinted under the authority of Board of Revenue, Orissa, Cuttack."
650 #0 - SUBJECT ADDED ENTRY--TOPICAL TERM
Topical term or geographic name entry element Land value taxation
Geographic subdivision India
-- Tigiria (State)
650 #0 - SUBJECT ADDED ENTRY--TOPICAL TERM
Topical term or geographic name entry element Land tenure
Geographic subdivision India
-- Tigiria (State)
710 1# - ADDED ENTRY--CORPORATE NAME
Corporate name or jurisdiction name as entry element Orissa (India).
Subordinate unit Board of Revenue.

No items available.

Powered by Koha